| 000 | 00710nam a2200217 a 4500 | ||
|---|---|---|---|
| 005 | 20240228064125.0 | ||
| 008 | 140401s2007 mx r 000 0 spa d | ||
| 020 | _a9687709685 | ||
| 035 | _aUPN01000196745 | ||
| 049 | _aI | ||
| 050 | 4 |
_aPZ71 _bP5.5 |
|
| 100 | 1 |
_aPick de Weiss, Susan Emily, _d1952- _929856 |
|
| 245 | 1 | 0 |
_aPapas, papitas, papotas : _baprenden a cooperar / _cSusan Pick ; il. Leticia Irene Barradas Lázaro. |
| 260 |
_aMéxico : _bIdéame, _c2007. |
||
| 300 |
_a[41] p. : _bprincipalmente il. col. |
||
| 440 | 0 | _a4 años en adelante | |
| 650 | 4 |
_aLibros y lectura para niños _92290 |
|
| 650 | 2 |
_aCooperación _95380 |
|
| 700 | 1 |
_aBarradas Lázaro, Leticia Irene, _eil. |
|
| 905 | _aInfantil | ||
| 999 |
_c168846 _d168846 |
||